「や」で始まる市町村 - Statistics

General Stats
  • This quiz has been taken 434 times
  • The average score is 33 of 49
Answer Stats
都道府県 % Correct
山形市 山形県
94%
山口市 山口県
93%
焼津市 静岡県
90%
八尾市 大阪府
87%
矢板市 栃木県
85%
八代市 熊本県
85%
山梨市 山梨県
85%
大和市 神奈川県
84%
八千代市 千葉県
83%
八幡市 京都府
83%
八街市 千葉県
82%
野洲市 滋賀県
81%
八幡浜市 愛媛県
81%
大和郡山市 奈良県
80%
八頭町 鳥取県 八頭郡
78%
山県市 岐阜県
77%
八女市 福岡県
77%
大和高田市 奈良県
75%
柳川市 福岡県
74%
山田町 岩手県 下閉伊郡
74%
八潮市 埼玉県
73%
安来市 島根県
72%
柳井市 山口県
71%
山北町 神奈川県 足柄上郡
71%
八千代町 茨城県 結城郡
68%
養父市 兵庫県
68%
山鹿市 熊本県
67%
山元町 宮城県 亘理郡
66%
屋久島町 鹿児島県 熊毛郡
63%
矢巾町 岩手県 紫波郡
62%
大和村 鹿児島県 大島郡
62%
弥富市 愛知県
61%
八百津町 岐阜県 加茂郡
60%
八雲町 北海道 二海郡
59%
山中湖村 山梨県 南都留郡
59%
山辺町 山形県 東村山郡
58%
八重瀬町 沖縄県 島尻郡
55%
柳津町 福島県 河沼郡
55%
弥彦村 新潟県 西蒲原郡
55%
山形村 長野県 東筑摩郡
50%
矢掛町 岡山県 小田郡
49%
安田町 高知県 安芸郡
49%
山都町 熊本県 上益城郡
49%
矢祭町 福島県 東白川郡
47%
矢吹町 福島県 西白河郡
46%
山添村 奈良県 山辺郡
44%
山ノ内町 長野県 下高井郡
43%
山江村 熊本県 球磨郡
40%
泰阜村 長野県 下伊那郡
39%
No matching quizzes found
Score Distribution
Percent of People with Each Score
Percentile by Number Answered
Your Score History
You have not taken this quiz